LEADER 00707nam a2200181 i 4500 001 000000213600 003 CaOOAMICUS 005 20120530000000.0 008 120530s1950 it u000 u ita u 013 $a192455 040 $aSeMil$bita 245 10$aControriforma e prerivoluzione :$b1556-1699. 250 $aNuova ed. riveduta e ampliata. 300 $aVIII, P. 681-1368 :$bill. 773 0 $aBarbagallo, Corrado <1877-1952>$tStoria universale.$dTorino : Unione Tipografico-Editrice Torinese, 1950.$g4$w()26846 850 $aSeMil 852 $aSeMil$W1$xVenegono$y1$m3S VI 58$j164030$B164030$CSeMilBibl$Z2$F175070 $81 996 $6245$aControriforma e prerivoluzione :$b1556-1699$9(OLS)http://semarc/title/307938 LEADER 00925nam a2200217 i 4500 001 000000079203 003 CaOOAMICUS 005 20170331000000.0 008 170331s1787 it u000 u ita u 013 $a51440 026 $ao;re 55m- 8.n- taiq (3) 1787 (A) 040 $aSeMil$bita 245 10$aLirro [!] primo che contiene la storia del vecchio, e nuovo testamento. 300 $aXI, [1], 171, [1] p. 500 $aSegn.: a6 A-F12 G14. 773 0 $tElementi di storia ad uso de' nobili convittori del Collegio Tolomei di Siena diretto da CC. RR. delle Scuole Pie. Libro 1. [-6.].$dSiena : Da' Torchj di Pazzini Carli, 1787.$g1$w()5001 850 $aSeMil 852 $aSeMil$W1$xVenegono$y1$m3S II 108 FA$j44954$B44954$CSeMilBibl$Z2$F46799 $8I 941 1 $a10 961 $aRecupero: Mantegazza 996 $6245$aLirro [!] primo che contiene la storia del vecchio, e nuovo testamento$9(OLS)http://semarc/title/403209